000 00680nam a2200289Ia 4500
005 20260324145122.0
008 008 260324s9999 xx 000 0 eng d
020 _a9781315820835
037 _aEBOOK
040 _aCRL
040 _beng
040 _cCRL
041 _2eng
041 _aeng
084 _qCRL
100 _aMark Kaminsky
_91221822
245 4 _aThe Uses of Reminiscence
245 0 _bNew Ways of Working With Older Adults
260 _bTaylor and Francis
260 _c1984
365 _a
365 _b170
856 _uhttp://www.taylorfrancis.com/books/9781315820835
942 _cEBOOK
999 _c1829289
_d1829289